| 000 | 00820nam a22002417a 4500 | ||
|---|---|---|---|
| 003 | SISC | ||
| 005 | 20170126152150.0 | ||
| 008 | 131120b xxu||||| |||| 00| 0 eng d | ||
| 020 | _a9781433813146 | ||
| 050 |
_aHF 5381 _b.P876 2013 |
||
| 245 |
_aPurpose and meaning in the workplace / _cedited by Bryan J Dik, Zinta S Byrne, Michael F Steger. |
||
| 260 |
_aWashington, D.C. : _bAmerican Psychological Association, _c2013. |
||
| 300 |
_a248 pages ; _c27 cm. |
||
| 504 | _aIncludes Bibliographic References and Index. | ||
| 650 |
_aCareer development _xPsychological aspects. |
||
| 650 | _aJob satisfaction. | ||
| 650 |
_aWork _xPsychological aspects. |
||
| 700 |
_aDik, Bryan J. _eEditor. |
||
| 700 |
_aZinta S. _eEditor. |
||
| 700 |
_aSteger, Michael F. _eEditor. |
||
| 942 |
_2lcc _cBK _kFOR |
||
| 999 |
_c25634 _d25634 |
||